| 000 | 00695nam a22002057a 4500 | ||
|---|---|---|---|
| 003 | OSt | ||
| 005 | 20250813061735.0 | ||
| 006 | a | ||
| 008 | 240624b |||||||| |||| 00| 0 eng d | ||
| 020 | _a9789719706748 | ||
| 040 |
_aDWCL-Main Lib. _cOC |
||
| 082 | _aFil. 344.3047 E82k 2013 | ||
| 100 | _aEstrada, Joseph Noel M. | ||
| 245 |
_aK to 12 R.A 10533 and relevant education policies / _cJoseph Noel M. Estrada. |
||
| 260 |
_aQuezon City : _bVibal Group , _cc2013. |
||
| 300 |
_axv, 240 pages : _billustration ; _c23cm. |
||
| 650 | _a1. Philippines --- Enhanced Basic Education Act of 2013. | ||
| 650 | _a2. Education Law and Legislation --- Philippines. | ||
| 942 |
_2ddc _cBK-CIRC _kFil. _n0 |
||
| 999 |
_c1168 _d1168 |
||